Statistiques concernant 10 questions sur une ville française #9 : LILLE

Cliquez ici pour prendre le quiz!

Statistiques générales

  • Ce quiz a été pris 280 fois
  • Le résultat moyen est 6 sur 10

Statistiques - réponses

QuestionRéponse% Correct
Quel classement occupe-t-elle en termes d'habitants en France ?10ème
87%
Quelles sont les deux villes de la banlieue de Lille les plus peuplées ?Roubaix
87%
Tourcoing
85%
Martine Aubry
79%
Pierre Mauroy
64%
Quelle est sa superficie ? (à 10 km² près)34,51 km²
59%
Combien Lille compte-t-elle d'habitants ? (à 10 000 près)232 741
49%
Avec quelle ville portuaire Lille a-t-elle réalisé son premier jumelage ?Rotterdam
21%
A quelle année remonte l'élection du premier de ces trois maires ?1955
20%
Comment se nomment les trois derniers maires de Lille, ayant pour point commun d'avoir été ministres et de faire partie du même parti ?Augustin Laurent
7%

Distribution des résultats

Percentile par nombre de réponses

% des personnes avec chaque résultat

Votre développement - résultats

Vous n’avez pas pris ce quiz